000 01064nam0a2200349 4500
001 RU\NLR\BIBL_A\011365097
005 20260406121314.0
010 _a9785699910120
_94000
021 _aRU
_b2017-18410
_91358
035 _a(RuMoRGB)008824347
035 _a(NLR Aleph) 011365097
090 _a11320262
_c11320262
100 _a20170411d2017 u y0rusy50 ca
101 0 _arus
102 _aRU
105 _ay z 00yay
200 1 _aЗамена объекта
_fАлександра Маринина
210 _aМосква
_cЭ
_d2017
215 _a349, [1] с.
_d17
225 1 _aСпец. цена
225 1 _aАкция %
225 1 _aМеньше, чем спеццена
320 _aДр. кн. авт.: с. 2
333 _a16+
686 _aШ5(2=Р)64-644.6
_2rubbk
686 2 _aШ6(2=Р)75-446
700 1 _8rus
_7ca
_aМаринина
_bА. Б.
_gАлександра Борисовна
_f1957-
_3RU\NLR\AUTH\77515
_9110564
942 _cBOOK
980 _aNBR